| 000 | 00665nam a22001337a 4500 | ||
|---|---|---|---|
| 999 |
_c531492 _d531492 |
||
| 008 | 250908b ||||| |||| 00| 0 eng d | ||
| 100 |
_aBasu, Jayanta Pandey, Kiran and Mishra, Vivek _956664 |
||
| 245 | _aA statutory order, not an advisory | ||
| 260 | _aDown to Earth | ||
| 300 | _a34(7), Aug 16-17, 2025: p.16-18 | ||
| 520 | _aThe international court of justice’s advisory opinion that countries driving climate change are committing a crime against humanity reiterates the principle of common but differentiated responsibility. It is likely to boost litigation related to climate reparations. – Reproduced | ||
| 773 | _aDown to Earth | ||
| 942 | _cAR | ||